Video Games by Picture: A - Statistics

General Stats
  • This quiz has been taken 152 times
  • The average score is 8 of 24
Answer Stats
Picture Answer % Correct
Angry Birds
98%
Among Us
93%
Assassin's Creed
80%
Animal Crossing: New Horizons
72%
Aladdin
68%
ARK: Survival Evolved
52%
Age of Empires II
40%
Apex Legends
37%
The Addams Family
36%
Asteroids
34%
Alice: Madness Returns
30%
Army Men: Sarge's Heroes
30%
Avatar: The Last Airbender
24%
Aliens: Colonial Marines
22%
Astroneer
21%
Ace Combat: Assault Horizon
17%
Ape Escape
16%
Altered Beast
14%
Alone in the Dark
11%
Amored Core 2: Another Age
11%
Afro Samurai
8%
Alan Wake's American Nightmare
5%
Army of Two
4%
Actua Tennis
2%
No matching quizzes found
Score Distribution
Percent of People with Each Score
Percentile by Number Answered
Your Score History
You have not taken this quiz